000 00289nam a2200097Ia 4500
005 20251222114402.0
008 251222s1900||||xx |||||||||||||| ||spa||
082 _aDVD0192/S66/2006
245 0 _aLos fundamentos antropológicos de la subsidiariedad y la educación al bien común:
942 _cDVD
999 _c1693
_d1693